Schnelles Mathe - Quiz nur ein kurzes - Quiz 24 - Statistiken

Allgemein
  • Dieses Quiz wurde 14 mal gespielt
  • Das Durchschnittsergebnis liegt bei 12 aus 15
Antwortstatistiken
Hint Antwort % Korrekt
11 99
100%
7 63
93%
25 225
86%
17 153
79%
26 234
79%
37 333
79%
39 351
79%
41 369
79%
69 621
79%
34 306
71%
49 441
71%
54 486
71%
63 567
71%
67 603
71%
73 657
57%
Keine übereinstimmenden Quizze gefunden
Verteilung der Resultate
Anzahl Personen mit jedem Resultat
Perzentil nach korrekt beantworteten Fragen
Ihre Resultats-Entwicklung
Sie haben dieses Quiz noch nicht gespielt